| 000 | 00598nam a22001937a 4500 | ||
|---|---|---|---|
| 999 |
_c153391 _d153391 |
||
| 005 | 20181218161810.0 | ||
| 010 | _aENG-123379 | ||
| 020 |
_c525.00 _a9789352830152 (vol. 2) |
||
| 035 | _aEN-106911 | ||
| 037 | _bDBAD/PUB | ||
| 082 | _a530 | ||
| 245 | 0 | 0 |
_aObjective physics for NEET / _ccompiled by Experts from Kota |
| 260 |
_aNew Delhi _bS. Chand and Company _c2018 |
||
| 270 |
_a7361, Ram Nagar, _bNew Delhi _e110055 |
||
| 300 |
_avarious paging _c27cm(pbk) _bill. |
||
| 500 | _aIt includes NEET 2017 questions and answers | ||
| 942 |
_2ddc _cEN _mOBJ _h530 |
||